• 首页
  • 本馆介绍
  • 公告通知
  • 最新文献
  • 馆藏检索
  • 电子资源
  • 读者导购
  • 参考咨询
  • 我的图书馆
  • 登录
  • 详细信息显示
  • 放入我的书架
  • 预约/预借图书
  • 作者相关作品
  • 分类相关作品
  • 丛书相关作品
  • 出版社相关作品

书目信息

  • 表格格式
  • 工作单格式
  • 卡片格式
题名:
中国桂花
    
 
作者: 杨康民 等编著
分册:  
出版信息: 北京   中国林业出版社  2020.01
页数: 214页
开本: 29cm
丛书名:
单 册:
中图分类: S685.13
科图分类:
主题词: 木犀--mu xi--基本知识--中国
电子资源:
ISBN: 978-7-5219-0274-7
000 00893nam0 2200265 450
001 0109110141
005 20201109141617.46
010    @a978-7-5219-0274-7@dCNY168.00
100    @a20200408d2020 em y0chiy50 ea
101 0  @achi
102    @aCN@b110000
105    @aa z 000yy
106    @ar
200 1  @a中国桂花@Azhong guo gui hua@f杨康民等编著
205    @a2版
210    @a北京@c中国林业出版社@d2020.01
215    @a214页@c图,照片@d29cm
312    @a封面英文题名:Chinese osmanthus
330    @a本书是一本涉及桂花所有生产研究领域,包括品种、命名、登录、形态、习性、繁殖、栽培、养护、管理、园林设计施工、桂花采摘和加工利用等内容的科普读物。
510 1  @aChinese osmanthus@zeng
606 0  @a木犀@Amu xi@x基本知识@y中国
690    @aS685.13@v5
701  0 @c(回)@a杨康民@Ayang kang min@f(1928-)@4等编著
801  0 @aCN@bBJSZM@c20201103
905    @b1213683-4@dS685.13@e626=2@f2
    
    中国桂花/杨康民等编著.-2版.-北京:中国林业出版社,2020.01
    214页:图,照片;29cm
    
    
    ISBN 978-7-5219-0274-7:CNY168.00
    本书是一本涉及桂花所有生产研究领域,包括品种、命名、登录、形态、习性、繁殖、栽培、养护、管理、园林设计施工、桂花采摘和加工利用等内容的科普读物。
●
相关链接 在E读中查询图书 在五车中查询图书 在当当中查询图书 在豆瓣中查询图书


正题名:中国桂花     索取号:S685.13/626=2         预约/预借

序号 登录号 条形码 馆藏地/架位号 状态 备注
1 1213683   212136838   第二样本阅览室/ [索取号:S685.13/626=2] 在馆    
2 1213684   212136847   第三借阅区/ [索取号:S685.13/626=2] 在馆    
唐山师范学院图书馆 欢迎您!
大连网信软件有限公司© 版权所有